[Event "St Therese Outaouais-Laurentides m2"]
[Site "St Therese"]
[Date "1994.10.15"]
[Round "2"]
[White "Forget, Luc"]
[Black "Laurin, Denys"]
[Result "1/2-1/2"]
[WhiteElo "1826"]
[BlackElo "1906"]
[PlyCount "117"]
[EventDate "1994.10.15"]
[EventType "team-match"]
[EventRounds "2"]
[EventCountry "CAN"]
[SourceTitle "EXT 2022"]
[Source "ChessBase"]
[SourceDate "2021.10.06"]
[SourceVersion "1"]
[SourceVersionDate "2021.10.06"]
[SourceQuality "1"]

1. d4 f5 2. Bg5 d5 3. e3 Be6 4. h4 Nd7 5. Bd3 Ndf6 6. Nd2 c6 7. c3 g6 8. Ngf3 Nh6 9. Ne5 Nhg4 10. Ndf3 Bg7 11. Qb3 Qb6 12. Qa3 Nxe5 13. Nxe5 Qc7 14. Be2 0-0 15. h5 gxh5 16. f4 Bf7 17. Nxf7 Rxf7 18. Bxh5 Nxh5 19. Rxh5 Qd7 20. Kf2 Bf6 21. Bh6 b5 22. Rah1 Kh8 23. Qb3 Rg8 24. Qc2 Qe6 25. g3 Qe4 26. Qxe4 fxe4 27. Kg2 e6 28. Kh3 Bg7 29. g4 Bxh6 30. Rxh6 Rg6 31. Kg3 Kg8 32. R1h4 a5 33. g5 Rb7 34. Rh2 b4 35. cxb4 Rxb4 36. Rxg6+ hxg6 37. Rc2 Rb6 38. Kf2 Kf7 39. Ke2 Ke7 40. Kd2 Kd6 41. Kc1 Rb5 42. b3 a4 43. bxa4 Rb4 44. a5 Ra4 45. Kb2 Rxa5 46. Kb3 c5 47. Rxc5 Rxc5 48. dxc5+ Kxc5 49. Kc3 Kb5 50. Kd4 Kb4 51. Ke5 Ka3 52. Kxe6 d4 53. f5 gxf5 54. g6 dxe3 55. g7 e2 56. g8Q e1Q 57. Kxf5 Qb1 58. Qa8+ Kb2 59. Qxe4 1/2-1/2

[Event "Outaouais-ch"]
[Site "Hull"]
[Date "1994.05.15"]
[Round "5"]
[White "Laurin, Denys"]
[Black "Groleau, Gilles"]
[Result "1-0"]
[WhiteElo "1854"]
[BlackElo "1949"]
[PlyCount "57"]
[EventDate "1994.04.17"]
[EventType "tourn"]
[EventRounds "7"]
[EventCountry "CAN"]
[SourceTitle "EXT 2022"]
[Source "ChessBase"]
[SourceDate "2021.10.06"]
[SourceVersion "1"]
[SourceVersionDate "2021.10.06"]
[SourceQuality "1"]

1. d4 Nf6 2. c4 e6 3. Nf3 b6 4. Nc3 Bb7 5. Bg5 h6 6. Bd2 Bb4 7. e3 0-0 8. Bd3 d5 9. cxd5 exd5 10. 0-0 c5 11. Rc1 Nc6 12. a3 Bxc3 13. bxc3 Ne4 14. Qe2 Qc7 15. Ra1 Nxd2 16. Nxd2 Rfe8 17. Bb5 cxd4 18. Bxc6 Bxc6 19. cxd4 Rac8 20. a4 Qd7 21. Qa6 Rc7 22. Rfb1 Rec8 23. h3 Ba8 24. a5 b5 25. Nb3 Rc2 26. Nc5 Qf5 27. Rf1 Bc6 28. g4 Qf6 29. Qxc8+ 1-0

[Event "Outaouais-ch"]
[Site "Hull"]
[Date "1994.05.08"]
[Round "4"]
[White "Cote, Jacques"]
[Black "Laurin, Denys"]
[Result "1/2-1/2"]
[WhiteElo "1992"]
[BlackElo "1854"]
[PlyCount "84"]
[EventDate "1994.04.17"]
[EventType "tourn"]
[EventRounds "7"]
[EventCountry "CAN"]
[SourceTitle "EXT 2022"]
[Source "ChessBase"]
[SourceDate "2021.10.06"]
[SourceVersion "1"]
[SourceVersionDate "2021.10.06"]
[SourceQuality "1"]

1. e4 c5 2. Nf3 d6 3. d4 Nf6 4. Nc3 cxd4 5. Nxd4 a6 6. Bg5 e6 7. f4 Be7 8. Qf3 h6 9. Bh4 Nc6 10. Nxc6 bxc6 11. e5 Nd5 12. Bxe7 Qxe7 13. Bd3 0-0 14. Ne4 dxe5 15. fxe5 f5 16. exf6 Nxf6 17. 0-0 Bb7 18. Qg3 Nxe4 19. Bxe4 Rxf1+ 20. Rxf1 Rf8 21. Rxf8+ Kxf8 22. Bg6 Qd7 23. Qa3+ Qe7 24. Qe3 e5 25. Qa7 Qd6 26. Qf2+ Qf6 27. Qc5+ Qe7 28. Qc4 c5 29. Bh7 Ke8 30. h4 e4 31. h5 e3 32. Bf5 Qe5 33. Qe6+ Qxe6 34. Bxe6 e2 35. Kf2 Bxg2 36. Kxe2 Be4 37. c3 Ke7 38. Bc8 a5 39. Ke3 Bc2 40. Ba6 Kf6 41. Be2 Ke5 42. a3 Bb3 1/2-1/2

[Event "Outaouais-ch"]
[Site "Hull"]
[Date "1994.04.17"]
[Round "1"]
[White "Laurin, Denys"]
[Black "Tordion, Michel"]
[Result "1-0"]
[WhiteElo "1854"]
[BlackElo "1867"]
[PlyCount "73"]
[EventDate "1994.04.17"]
[EventType "tourn"]
[EventRounds "7"]
[EventCountry "CAN"]
[SourceTitle "EXT 2022"]
[Source "ChessBase"]
[SourceDate "2021.10.06"]
[SourceVersion "1"]
[SourceVersionDate "2021.10.06"]
[SourceQuality "1"]

1. c4 Nf6 2. Nc3 e5 3. Nf3 Nc6 4. g3 Bc5 5. Bg2 0-0 6. d3 h6 7. 0-0 d6 8. e4 Bg4 9. h3 Be6 10. Nd5 Nh7 11. Be3 Qd7 12. g4 a5 13. Rc1 a4 14. d4 Ba7 15. Qd2 Rfe8 16. dxe5 dxe5 17. Rfd1 f6 18. Qc3 Qf7 19. b4 Bxe3 20. Nxe3 Ng5 21. Nxg5 hxg5 22. Nf5 Kh7 23. b5 Na5 24. Ne3 b6 25. Bf1 Nb7 26. Nd5 Nc5 27. f3 Rac8 28. Kg2 Kg6 29. Bd3 Red8 30. Bc2 Qf8 31. Qb4 Bxd5 32. exd5+ Kh6 33. Rh1 g6 34. h4 f5 35. Qd2 f4 36. h5 Qe7 37. hxg6+ 1-0

[Event "Outaouais-ch"]
[Site "Gatineau"]
[Date "1993.05.23"]
[Round "4"]
[White "Laurin, Denys"]
[Black "Jobin, Gilles G"]
[Result "0-1"]
[WhiteElo "1878"]
[BlackElo "1766"]
[PlyCount "94"]
[EventDate "1993.05.02"]
[EventType "tourn"]
[EventRounds "7"]
[EventCountry "CAN"]
[SourceTitle "EXT 2022"]
[Source "ChessBase"]
[SourceDate "2021.10.06"]
[SourceVersion "1"]
[SourceVersionDate "2021.10.06"]
[SourceQuality "1"]

1. d4 Nf6 2. c4 g6 3. Nc3 Bg7 4. e4 d6 5. Be2 0-0 6. Nf3 Nc6 7. 0-0 e5 8. d5 Ne7 9. Ne1 Bd7 10. Nd3 Ne8 11. f3 f5 12. Be3 f4 13. Bd2 g5 14. h3 h5 15. b4 Nf6 16. Qb3 Kh8 17. c5 Qe8 18. a4 g4 19. cxd6 cxd6 20. fxg4 hxg4 21. hxg4 Bxg4 22. Kf2 Bxe2 23. Kxe2 Qh5+ 24. Ke1 Qh2 25. Nf2 Qxg2 26. Nb5 Nxe4 27. Nxe4 Qxe4+ 28. Kf2 Rf6 29. Rh1+ Kg8 30. Rad1 a6 31. Nc7 Rc8 32. Ne6 Qxd5 33. Qxd5 Nxd5 34. Nxg7 Kxg7 35. b5 Rc2 36. Kf3 Rg6 37. Be1 Nc3 38. bxa6 bxa6 39. Ra1 Nd5 40. Ke4 Ne7 41. Bh4 Rc4+ 42. Kd3 Rd4+ 43. Kc3 Nd5+ 44. Kb3 Rg2 45. Rhd1 Rb4+ 46. Ka3 Rgb2 47. Rd3 e4 0-1

[Event "Outaouais-ch"]
[Site "Gatineau"]
[Date "1993.05.02"]
[Round "1"]
[White "Laurin, Denys"]
[Black "Cote, Jacques"]
[Result "0-1"]
[WhiteElo "1878"]
[BlackElo "1942"]
[PlyCount "75"]
[EventDate "1993.05.02"]
[EventType "tourn"]
[EventRounds "7"]
[EventCountry "CAN"]
[SourceTitle "EXT 2022"]
[Source "ChessBase"]
[SourceDate "2021.10.06"]
[SourceVersion "1"]
[SourceVersionDate "2021.10.06"]
[SourceQuality "1"]

1. Nf3 f5 2. g3 Nf6 3. Bg2 e6 4. 0-0 d5 5. b3 c5 6. Ne5 Bd6 7. Bb2 Qc7 8. f4 Nbd7 9. Nf3 b5 10. c4 bxc4 11. bxc4 Rb8 12. Bxf6 Nxf6 13. Nc3 dxc4 14. Qa4+ Bd7 15. Qxc4 Rb4 16. Qd3 0-0 17. Rfb1 Rfb8 18. a3 c4 19. Qc2 Rb3 20. Rxb3 cxb3 21. Qb2 a5 22. e3 a4 23. Ne5 Bxe5 24. fxe5 Ng4 25. Rc1 Qxe5 26. h3 Qxg3 27. hxg4 Qxg4 28. Kf2 f4 29. exf4 Qxf4+ 30. Kg1 Qd4+ 31. Kh1 Rb5 32. Be4 Rg5 33. d3 Qf6 34. Qh2 g6 35. Rg1 Rxg1+ 36. Qxg1 Qxc3 37. Bxg6 hxg6 38. Qxg6+ 0-1

[Event "Ottawa Eastern Ontario op"]
[Site "Ottawa"]
[Date "1989.09.02"]
[Round "1"]
[White "Laurin, Denys"]
[Black "Brodie, Hugh"]
[Result "1/2-1/2"]
[WhiteElo "1924"]
[BlackElo "1993"]
[PlyCount "144"]
[EventDate "1989.09.02"]
[EventType "swiss"]
[EventRounds "6"]
[EventCountry "CAN"]
[SourceTitle "EXT 2022"]
[Source "ChessBase"]
[SourceDate "2021.10.06"]
[SourceVersion "1"]
[SourceVersionDate "2021.10.06"]
[SourceQuality "1"]

1. e4 c5 2. Nf3 Nc6 3. d4 cxd4 4. Nxd4 g6 5. c4 Bg7 6. Be3 Nf6 7. Nc3 Ng4 8. Qxg4 Nxd4 9. Qd1 e5 10. Bxd4 exd4 11. Nd5 0-0 12. Bd3 d6 13. 0-0 Be6 14. Qb3 Qd7 15. a4 Bxd5 16. exd5 Rac8 17. Qb5 Rc7 18. Qxd7 Rxd7 19. Rfe1 Rc8 20. Ra3 Kf8 21. Rb3 Rc5 22. f4 Rcc7 23. Kf2 Re7 24. Re2 Ke8 25. Rc2 Rc5 26. g3 Kd8 27. Ra3 a5 28. Rb3 Kc7 29. Re2 Rxe2+ 30. Kxe2 b6 31. Ra3 Kb7 32. b4 axb4 33. Rb3 Rc7 34. Rxb4 Ka7 35. Kd2 Re7 36. Rb1 Re3 37. Rf1 f5 38. Ra1 Re8 39. a5 bxa5 40. Rxa5+ Kb6 41. Rb5+ Kc7 42. Ra5 Kb6 43. Ra2 Rb8 44. Bc2 Rc8 45. Kd3 Re8 46. Rb2+ Kc7 47. Ba4 Re3+ 48. Kd2 Re2+ 49. Kxe2 d3+ 50. Kxd3 Bxb2 51. Be8 Ba3 52. Ke2 Kd8 53. Bf7 Ke7 54. Bg8 Kf8 55. Be6 Kg7 56. h3 h6 57. Kf3 Kf6 58. g4 fxg4+ 59. hxg4 g5 60. f5 Bc5 61. Ke4 Bb6 62. Bd7 Bc5 63. Be8 Bb6 64. Bh5 Bc5 65. Kd3 Bb6 66. Kc3 Ba7 67. Kb4 Bc5+ 68. Kb5 Ke7 69. Kc6 Ba3 70. Bg6 Bc5 71. Bh7 Bb4 72. Bg8 Bc5 1/2-1/2

[Event "Hull TORO"]
[Site "Hull"]
[Date "1981.03.08"]
[Round "4"]
[White "Laurin, Denys"]
[Black "Lacroix, Serge"]
[Result "1-0"]
[WhiteElo "1799"]
[BlackElo "1986"]
[PlyCount "73"]
[EventDate "1981.03.07"]
[EventType "swiss"]
[EventRounds "5"]
[EventCountry "CAN"]
[SourceTitle "EXT 2022"]
[Source "ChessBase"]
[SourceDate "2021.10.06"]
[SourceVersion "1"]
[SourceVersionDate "2021.10.06"]
[SourceQuality "1"]

1. e4 d6 2. d4 Nf6 3. Nc3 g6 4. Be2 Bg7 5. Be3 0-0 6. Nf3 Ng4 7. Bf4 e5 8. dxe5 dxe5 9. Bg5 f6 10. Bc4+ Kh8 11. Bh4 Qxd1+ 12. Rxd1 c6 13. Bg3 Nd7 14. 0-0 Nc5 15. b4 Be6 16. Nd2 Bxc4 17. Nxc4 Ne6 18. f3 b5 19. Na5 Ne3 20. Rd6 Nxf1 21. Kxf1 Nd4 22. Nxc6 Rfc8 23. Nxd4 Rxc3 24. Nxb5 Rxc2 25. Ra6 Rc1+ 26. Be1 Bh6 27. Ke2 Rc2+ 28. Kd3 Rc1 29. Ke2 Rc2+ 30. Kd3 Rxg2 31. Nc7 Rd8+ 32. Nd5 Rg1 33. Bc3 Rd1+ 34. Kc2 R1xd5 35. exd5 Rxd5 36. Rxf6 Bf4 37. Rxf4 1-0

[Event "Hull TORO"]
[Site "Hull"]
[Date "1981.03.07"]
[Round "2"]
[White "Laurin, Denys"]
[Black "Roy, Roger"]
[Result "1-0"]
[WhiteElo "1799"]
[BlackElo "1637"]
[PlyCount "95"]
[EventDate "1981.03.07"]
[EventType "swiss"]
[EventRounds "5"]
[EventCountry "CAN"]
[SourceTitle "EXT 2022"]
[Source "ChessBase"]
[SourceDate "2021.10.06"]
[SourceVersion "1"]
[SourceVersionDate "2021.10.06"]
[SourceQuality "1"]

1. e4 Nc6 2. d4 d5 3. e5 Bf5 4. c3 e6 5. Be2 Be7 6. Nd2 Bg5 7. Nf1 Bxc1 8. Qxc1 h6 9. h4 Nge7 10. g4 Be4 11. f3 Bh7 12. h5 Qd7 13. a4 Na5 14. Nd2 a6 15. b4 Nc4 16. Nxc4 dxc4 17. Bxc4 Nd5 18. Ne2 Nb6 19. Bb3 Bd3 20. a5 Bc4 21. Bxc4 Nxc4 22. Kf2 0-0-0 23. Nf4 Qb5 24. Re1 Rd7 25. Qc2 c6 26. Qa4 Rg8 27. Qxb5 cxb5 28. Rh1 Kc7 29. Ra2 Kc6 30. Rh3 Ra8 31. Nd3 b6 32. axb6 Nxb6 33. Nc5 Rda7 34. Nb3 Nc4 35. Na5+ Nxa5 36. Rxa5 Kd5 37. Ke2 Kc4 38. Kd2 Rc8 39. Rh1 Rd8 40. Rha1 Rda8 41. R1a3 g6 42. hxg6 fxg6 43. Ke3 h5 44. g5 h4 45. Ra1 Kxc3 46. R5a2 h3 47. Rh2 Rh8 48. Rb1 1-0

[Event "Outaouais-ch"]
[Site "Hull"]
[Date "1981.??.??"]
[Round "5"]
[White "Laurin, Denys"]
[Black "Roy, Roger"]
[Result "1/2-1/2"]
[WhiteElo "1865"]
[BlackElo "1573"]
[PlyCount "148"]
[EventDate "1981.??.??"]
[EventType "swiss"]
[EventRounds "9"]
[EventCountry "CAN"]
[SourceTitle "EXT 2022"]
[Source "ChessBase"]
[SourceDate "2021.10.06"]
[SourceVersion "1"]
[SourceVersionDate "2021.10.06"]
[SourceQuality "1"]

1. e4 e6 2. d4 d5 3. Nc3 Nf6 4. Bg5 Be7 5. e5 Nfd7 6. Bxe7 Qxe7 7. f4 a6 8. Nf3 c5 9. Be2 Nc6 10. Qd2 b5 11. Rd1 0-0 12. 0-0 f6 13. exf6 Nxf6 14. dxc5 Qxc5+ 15. Nd4 Bd7 16. Bf3 Qxd4+ 17. Qxd4 Nxd4 18. Rxd4 Rac8 19. a3 Rc4 20. Rfd1 Rfc8 21. Kf2 Kf7 22. Ke3 a5 23. Rxc4 Rxc4 24. Rd4 b4 25. axb4 axb4 26. Rxc4 dxc4 27. Na2 b3 28. cxb3 cxb3 29. Nc1 Ba4 30. Kd4 Nd7 31. Kc4 Nb6+ 32. Kc5 Nc8 33. Kb4 Bd7 34. Nd3 Nd6 35. Ne5+ Ke7 36. Nxd7 Kxd7 37. Kxb3 Nf5 38. Kc3 h6 39. g3 Ne3 40. Be2 Kd6 41. Kd4 Nf5+ 42. Ke4 g5 43. Bg4 Ne7 44. fxg5 hxg5 45. Bh5 Ng8 46. Be2 Nf6+ 47. Kf3 e5 48. Ke3 Kc5 49. h3 Kb4 50. Bd1 Kc4 51. Bc2 Nh5 52. Kf3 Nf6 53. Ke3 Nh5 54. g4 Nf4 55. Ke4 Nxh3 56. Kxe5 Kb4 57. Kf6 Kc4 58. Kf5 Kb4 59. Ke4 Kc4 60. Ke5 Kb4 61. Ke4 Kc4 62. Ke3 Kb4 63. Ke4 Kc4 64. Ke5 Kb4 65. b3 Kc3 66. Kf5 Kb4 67. Ke4 Kc3 68. Kf3 Kb4 69. Ke2 Kc3 70. Bd1 Nf4+ 71. Kf3 Nh3 72. Ke3 Nf4 73. Ke4 Nh3 74. Ke5 Nf2 1/2-1/2